| 000 | 00402nam a22001697a 4500 | ||
|---|---|---|---|
| 003 | OSt | ||
| 020 | _a9780415783644 | ||
| 082 |
_a658.4012 _bJAY/ST |
||
| 100 | _aShivers, Jay | ||
| 245 | _aStrategic recreation management | ||
| 250 | _a1 | ||
| 260 |
_aNewyork _bRoutledge taylor and francis group _c2012 |
||
| 300 | _a287.p | ||
| 650 | _amanagement | ||
| 700 | _aHalper, Joseph | ||
| 942 |
_2ddc _cREF |
||
| 999 |
_c177960 _d177960 |
||